| 000 | 00584nam a22001937a 4500 | ||
|---|---|---|---|
| 003 | OSt | ||
| 005 | 20251203162047.0 | ||
| 008 | 251203b |||||||| |||| 00| 0 eng d | ||
| 040 |
_aDWCL-Main lib _cOC |
||
| 082 |
_22003 issue, 5th ed. _aFil. 336.24 B189i 2003 |
||
| 100 | _aSusan Ballada | ||
| 245 |
_aIncome taxation made easy/ _cSusan Ballada |
||
| 260 |
_aManila : _bDomDane Publishers, _cc2003. |
||
| 300 |
_axiv, 398 p. ; _c25 cm. |
||
| 650 | _a1. Income tax-Law. | ||
| 650 | _a2. Taxation-Law. | ||
| 700 | _aWin Lu Ballada | ||
| 942 |
_2ddc _cBK - FIL _e2003 issue, 5th ed. _kFil. _n0 |
||
| 999 |
_c6778 _d6778 |
||